UM Logo

A three-phase multiplexing arm modular multilevel converter with high power density and small volume / (Record no. 21404)

MARC details
000 -LEADER
fixed length control field 00876nam a22002177a 4500
003 - CONTROL NUMBER IDENTIFIER
control field OSt
005 - DATE AND TIME OF LATEST TRANSACTION
control field 20240906171419.0
008 - FIXED-LENGTH DATA ELEMENTS--GENERAL INFORMATION
fixed length control field 240906b ||||| |||| 00| 0 eng d
040 ## - CATALOGING SOURCE
Transcribing agency 0
082 ## - DEWEY DECIMAL CLASSIFICATION NUMBER
Classification number DPer 621.317 Ie21 December 2022 v.37 n. 12 part 1&2.
100 ## - MAIN ENTRY--PERSONAL NAME
Personal name Lan, Jianxu.
Relator term author.
9 (RLIN) 60416
245 ## - TITLE STATEMENT
Title A three-phase multiplexing arm modular multilevel converter with high power density and small volume /
Statement of responsibility, etc. Jianxu Lan, Wu Chen, Xin Li, Liangcai Shu, and Fujin Deng.
260 ## - PUBLICATION, DISTRIBUTION, ETC. (IMPRINT)
Place of publication, distribution, etc. New York;
Name of publisher, distributor, etc. The Institute of Electrical and Electronics Engineers, Inc.,
Date of publication, distribution, etc. December 2022.
300 ## - PHYSICAL DESCRIPTION
Extent volume 37, pages 14587-14600,
Other physical details illustration.
700 ## - ADDED ENTRY--PERSONAL NAME
Personal name Lan, Jianxu.
Relator term author.
9 (RLIN) 60416
700 ## - ADDED ENTRY--PERSONAL NAME
Personal name Chen, Wu.
Relator term author.
9 (RLIN) 60417
700 ## - ADDED ENTRY--PERSONAL NAME
Personal name Li, Xin.
Relator term author.
9 (RLIN) 60418
700 ## - ADDED ENTRY--PERSONAL NAME
Personal name Shu, Liangcai.
Relator term author.
9 (RLIN) 60419
700 ## - ADDED ENTRY--PERSONAL NAME
Personal name Deng, Fujin.
Relator term author.
9 (RLIN) 60420
942 ## - ADDED ENTRY ELEMENTS (KOHA)
Source of classification or shelving scheme Dewey Decimal Classification
Koha item type Periodicals
Holdings
Withdrawn status Lost status Source of classification or shelving scheme Damaged status Not for loan Collection code Home library Current library Date acquired Total Checkouts Full call number Date last seen Price effective from Koha item type Public note
    Dewey Decimal Classification     Periodicals UM Digos College - LIC UM Digos College - LIC 09/06/2024   DPer 621.317 Ie21 December 2022 v.37 n. 12 part 1&2. 09/06/2024 09/06/2024 Periodicals Periodical Article